| 000 | 00423nam a22001817a 4500 | ||
|---|---|---|---|
| 003 | NUST - PNEC | ||
| 005 | 20170116180836.0 | ||
| 008 | 150805b xxu||||| |||| 00| 0 eng d | ||
| 020 | _a8123900706 | ||
| 040 | _cLIBRARY | ||
| 082 | _a530 TIP | ||
| 100 |
_94952 _aTipler, Paul A. |
||
| 245 |
_aPhysics Vol.1 _cPaul A. Tipler |
||
| 250 | _a2nd ed. | ||
| 260 | _cc1992. | ||
| 650 |
_94953 _aPhysics _xME |
||
| 942 |
_2ddc _cBK |
||
| 999 |
_c64203 _d64203 |
||